000 00731naa a22001217u 4500
008 130517b2000 xxu||||| |||| 00| 0 spa d
040 _aSPA
100 1 _aMolina, Enrique
_93062
245 0 0 _aLa encíclica Veritatis Splendor y los intentos de renovación de la teología moral en el presente siglo
300 _a525-552 p.
_c24 cm
773 0 _tTeología: Misterio de Dios y saber del hombre:Textos para una conmemoración
_aIZQUIERDO, César; MUÑOZ, Rodrigo;LORDA, Juan Luis; ILLANES, José Luis; BASTERO DE ELEIZALDE, Juan Luis; ALVIAR, José; ARANDA, Gonzalo; AUSÍN, Santiago; CASCIARO, José Maria; MOLINA, Enrique; SESÉ, Javier; LUQUE, Elisa; PAZOS,
_dNavarra,EUNSA,2000,
_gpágs. 525-552
_z84-313-1837-6,
_w90558
942 _cAC
999 _c213442
_d213442